| 000 | 00669nam a22002297a 4500 | ||
|---|---|---|---|
| 005 | 20260417094403.0 | ||
| 008 | 260417b |||||||| |||| 00| 0 eng d | ||
| 020 | _a9781582559926 | ||
| 050 |
_aRT 41 _b.T46 2008 |
||
| 245 | _aTextbook of medical-surgical nursing / | ||
| 250 | _a11th edition | ||
| 260 |
_aPhiladelphia : _b Lippincott, _c2008. |
||
| 300 |
_a xix, 1800 p. : _b ill. ; _c29 cm. |
||
| 500 | _aIncludes bibliographies and index. | ||
| 650 | _aNursing. | ||
| 650 | _aSurgical nursing. | ||
| 700 | _aSmeltzer, Suzanne C. O'Connell. | ||
| 700 | _bcheever, Kerry H | ||
| 700 | _aHinkle, Janice L | ||
| 700 | _aBare, Brenda G. | ||
| 942 |
_2lcc _cBK |
||
| 999 |
_c60372 _d60372 |
||